| 000 | 01035nam a22003377a 4500 | ||
|---|---|---|---|
| 001 | 0007927 | ||
| 003 | KOHA_MİRAKIL | ||
| 005 | 20260207001615.0 | ||
| 007 | ta | ||
| 008 | 091006b1999 tu |||gr||||#||||0|tur | | ||
| 020 | _a97583820102 | ||
| 040 |
_aTR-BiSEU _btur _cTR-BiSEU _erda |
||
| 041 | 0 | _atur | |
| 044 | _ctu | ||
| 050 |
_aHF1359 _b.K96 1999 |
||
| 245 | 0 |
_aKüreselleşme mi - emperyalizm mi? : _bpiyasacı efsanenin çöküşü/ _ceditör Fikret Başkaya. |
|
| 264 | 1 |
_aAnkara : _bÜtopya Yayınları. _c1999 |
|
| 300 | _a204 sayfa | ||
| 336 |
_ametin _btxt _2rdacontent |
||
| 337 |
_aaracısız _bn _2rdamedia |
||
| 338 |
_acilt _bnc _2rdacarrier |
||
| 490 | 1 |
_aÜtopya Yayınları ; _v5. |
|
| 650 | 0 |
_aGlobalization. _98441 |
|
| 650 | 0 |
_aImperialism. _97374 |
|
| 650 | 0 |
_aUnited States--Foreign economic relations. _916097 |
|
| 650 | 0 |
_aKüreselleşme. _96273 |
|
| 650 | 0 |
_aEmperyalizm. _97373 |
|
| 650 | 0 |
_aABD--Dış ekonomik ilişkiler. _916096 |
|
| 830 | 1 |
_aÜtopya Yayınları ; _v5. _919653 |
|
| 942 |
_2lcc _cBK |
||
| 999 |
_c7903 _d7903 |
||